[Event "CB-Emu swiss"]
[Site "?"]
[Date "2017.04.02"]
[Round "2"]
[White "Chess 7.0, C64."]
[Black "Monte Carlo, Mephisto"]
[Result "1-0"]
[WhiteElo "1600"]
[BlackElo "1920"]
[Annotator "Komodo 10.3 32-bit (60s)"]
[PlyCount "94"]
[EventDate "2017.??.??"]

{D35: Damengambit (Abtauschvariante)} 1. d4 d5 2. c4 e6 3. Nc3 Nf6 4. cxd5 exd5
5. Bg5 Be7 6. e3 c6 7. Bd3 Nbd7 8. Nf3 {erster berechneter Zug Weiss} Ne4 9.
Bxe4 dxe4 {erster berechneter Zug Schwarz. Hier wäre es wohl angebrachter
gewesen auf g5 zu schlagen. Allerdings bekommt Schwarz Initiative für den
geopferten Bauern.} 10. Nxe4 f6 {OK, sagen wir er hätte Initiative bekommen...
mit dem Schach auf a5} 11. Bf4 Nf8 {auf b6 hätte mir der Springer irgendwie
besser gefallen...} 12. Qb3 $146 (12. O-O h5 13. Bg3 g5 14. h3 h4 15. Bh2 g4
16. hxg4 Bxg4 17. Qb3 Bxf3 18. gxf3 Qd7 19. Kh1 Qh3 20. Nd2 Bd6 21. f4 O-O-O
22. Qd1 Qe6 23. Qf3 f5 24. b3 Nd7 25. Rg1 Nf6 26. Rac1 Bc7 {Stoppel,F-Drozd,R
Warsaw 1961 0-1 (36)}) 12... Ne6 13. Bg3 f5 (13... Qb6 14. Nfd2 O-O 15. O-O $16
) 14. Ned2 (14. Nc3 Qb6 $16) 14... O-O {Weiss hat einen Mehrbauern und eine
bequeme Stellung. Das Bauernopfer des schwarzen hat ihm wenig eingebracht.} 15.
h4 $2 {Unnötige Schwächung. Besser war es zu rochieren.} (15. O-O Qd5 $16)
15... a5 (15... Qd5 16. Qxd5 cxd5 17. Be5 $16) 16. O-O $2 {Wenn man schon
aggressiv am Königsflügel aufzieht, sollte man vielleicht eher lang rochieren..
.} a4 17. Qc4 Bd7 (17... Ra6 18. Rfd1 $16) 18. Ne5 f4 (18... Rf6 19. Nxd7 Qxd7
20. Nf3 $16) 19. exf4 (19. Bxf4 b5 20. Qc3 Nxf4 21. exf4 Rxf4 $16) 19... b5 {
so funktioniert ein Flügelsturm... naja, vielleicht} 20. Qc3 Nxf4 21. Bxf4
Rxf4 22. Nxc6 (22. Rae1 Rxh4 23. Nxc6 Bxc6 24. Qxc6 Rxd4 25. Rxe7 Rxd2 $18)
22... Bxc6 (22... Qe8 23. Nxe7+ Qxe7 24. Rae1 Qxh4 25. Qc7 $16) 23. Qxc6 a3 {
ob das die beste Idee war?} (23... Rxd4 24. Nf3 Rd6 25. Qxb5 $16) 24. bxa3 $18
Rxd4 {Die beiderseitigen Flügelangriffe sind vorbei und Weiss steht immer noch
besser. Der sinnlos geopferte Bauer fängt immer mehr an weg zu tun, zumal
Weiss jetzt die Initiative an sich reissen kann.} 25. Nf3 Rd5 (25... Rd6 26.
Qxb5 Rd5 27. Qc4 $18) 26. Qe6+ (26. Rfe1 $5 Rd6 27. Qxb5 Kh8 $18) 26... Kh8 $16
27. Ne5 $1 {sehr schön gespielt. Weiss wickelt jetzt gezielt in ein besser
stehendes Endspiel ab.} Rxe5 28. Qxe5 Bf6 29. Qxb5 Bxa1 30. Rxa1 Qxh4 31. Re1
Rf8 32. Re2 g6 (32... Qf4 $142 $5 33. Qc5 h6 $16) 33. a4 $18 Rd8 $4 {der
letzte Fehler} (33... Qf6 $18) 34. Re8+ Rxe8 35. Qxe8+ Kg7 36. Qe5+ Kf7 37.
Qc7+ (37. Qd5+ Ke7 38. a5 Qh6 39. Qc5+ Kd7 $18) 37... Kg8 38. a5 Qa4 39. Qc8+ (
39. Qb8+ $142 {wäre im Gewinnsinne präziser} Kg7 40. Qe5+ Kf8 41. Qd6+ Kf7 $18)
39... Kf7 40. Qb7+ (40. a6 Ke7 41. Qc5+ Kd7 $18) 40... Kf6 {Die 1.
Zeitkontrolle ist vorüber. Weiss muss aufpassen dass Schwarz keine Gelegenheit
für eine Remisschaukel bekommt.} 41. Qxh7 {Eine unglückliche Zugwahl. Dd5 und
versuchen den a-Bauern durchzubringen sieht erfolgversprechender aus..} (41.
Qd5 Qc2 42. a6 Qc1+ 43. Kh2 Qf4+ 44. Kh3 $18) 41... Qxa5 (41... Qd1+ 42. Kh2
Qd6+ 43. g3 Qc5 44. Qh4+ Kg7 $18) 42. Qh4+ Kf5 (42... Kf7 43. Qc4+ Kg7 44. Qd4+
Kh6 45. a4 $18) 43. a4 Qc5 (43... Qe1+ {hätte noch versucht werden können} 44.
Kh2 Ke6 45. Qc4+ Kf6 $18) 44. Qh3+ Kf6 45. Qf3+ Ke5 {Ein schlimmer Fehler. Kg7
und nichts wäre passiert. Nun gewinnt Weiss leicht mit De3+ nebst Damentausch
und Schwarz kann nicht mehr auf beiden Flügeln die Bauern aufhalten.} 46. Qe3+
Qxe3 47. fxe3 Ke4 {Weiss gewinnt, da Schwarz nur entweder den a Bauern oder
den e-Bauern stoppen kann. Der andere kommt durch.} 1-0

[Event "CB-Emu swiss"]
[Site "?"]
[Date "2017.04.03"]
[Round "2"]
[White "Monte Carlo IV LE, Mephisto"]
[Black "Sensory Chess Challenger 9B, Fidelity"]
[Result "1-0"]
[WhiteElo "2060"]
[BlackElo "1800"]
[Annotator "Komodo 10.3 32-bit (60s)"]
[PlyCount "79"]
[EventDate "2017.??.??"]

{C42: Russische Verteidigung (Petrow)} 1. e4 e5 2. Nf3 Nf6 3. Nxe5 d6 4. Nf3
Nxe4 5. d4 d5 6. Bd3 Be7 7. O-O Nc6 8. c4 {Hier endet bei beiden das
Buchwissen.} O-O 9. cxd5 Qxd5 10. Re1 Nf6 11. Nc3 Qd8 (11... Qd6 12. h3 a6 13.
Bg5 h6 14. Bxf6 Bxf6 15. Ne4 Qd8 16. Rc1 Bxd4 17. Rxc6 bxc6 18. Bb1 c5 19. b4
Bf5 20. bxc5 Bxe4 21. Bxe4 Bc3 22. Bxa8 Bxe1 23. Bd5 c6 24. Bxf7+ Kxf7 25. Qxe1
Qd5 26. Ne5+ {Kupreichik,V (2490)-Mikhalchishin,A (2505) Minsk 1985 0-1 (58)})
12. Bf4 Be6 $146 (12... Bg4 13. d5 Nb4 14. Bc4 Bxf3 15. gxf3 Nh5 16. Bg3 Bd6
17. Ne4 f5 18. Nxd6 cxd6 19. f4 g6 20. Qb3 Qb6 21. Re7 Rf7 22. Rae1 Nf6 23. a3
Na6 24. Qxb6 axb6 25. f3 Rc8 26. b3 Nc5 27. Bh4 {Khairallah,F (2271)-Bassel,C 
(2070) Beirut 2013 1/2-1/2 (43)}) 13. Bb5 (13. a3 Re8 $14) 13... Bd6 (13... Nb4
14. a3 Nbd5 15. Be5 $14) 14. Be5 Nb4 15. Ng5 Bxe5 (15... Bf5 16. Bxf6 Qxf6 17.
Nge4 $11) 16. dxe5 $14 Nfd5 {Der Abtausch hat eigentlich eher dem Weissen in
die Hände gespielt.} 17. Nxe6 (17. Nce4 a6 18. Bc4 Nf4 19. Nxe6 Qxd1 20. Raxd1
Nxe6 21. Bxe6 fxe6 $16) 17... fxe6 18. Ne4 Nf4 {besser erscheint mir 18. ...c6.
} 19. Qg4 Nbd3 $2 {bereits ein Fehler. Nun kommt Weiss zu starkem Angriff.
Notwendig war erst mal 19. ...Kh8} (19... Qe7 $142 $5 {ist noch spielbar} 20.
Nf6+ Kh8 21. Qxf4 gxf6 $16) 20. Bxd3 $18 h5 $2 (20... Qxd3 $142 21. Rad1 Qb5
22. Nf6+ Kh8 $18) 21. Qg3 Nxd3 (21... Qxd3 22. Nf6+ Kh8 23. Qxf4 Rad8 $18) 22.
Nf6+ $1 {und schon steht Schwarz mit dem Rücken zur Wand.} Kf7 (22... Rxf6 {
ändert nichts am Ausgang der Partie} 23. exf6 Qxf6 24. Qxd3 Qxb2 25. Qc4 $18)
23. Nxh5 g6 24. Red1 {Noch etwas besser ist Te3} gxh5 25. Rxd3 Qe7 26. Qf3+ {
viel effektiver ist 26. Tf3+ Ke8 27. Dg6+ Tf7 28. Tf6 Kf8 29. Txe6} (26. Rf3+
$142 {sichert den Gewinn} Ke8 27. Qg6+ Rf7 28. Rd1 $18) 26... Kg6 27. Qxb7 Rab8
28. Qc6 {oder 28. Tg3+ nebst De4} Rxb2 29. Rd7 Qe8 30. Qe4+ Rf5 31. Rxc7 (31.
Qd3 $142 {gibt noch größeren Vorteil} Qf8 32. h3 Rbxf2 33. g4 hxg4 34. hxg4 $18
) 31... Rbxf2 $4 {zu gierig. ein Fehler in schlechter Stellung} (31... Qb8 $142
32. Re7 Qb6 $18) 32. g4 $3 $18 hxg4 33. Qxg4+ Kh6 {Auch 34. ...Tg5 rettet
nicht. 35. Tg7+ Kxg7 36. Dxg5+ Dg6 37. Dxg6+ Kxg6 38. Kxf2} 34. Qg7+ Kh5 35.
Qh7+ Kg4 36. Rg7+ Kf3 37. Re1 {Gut, aber es geht besser. Nach Dh4 folgt ein
Mattangriff dem sich Schwarz nicht mehr entziehen kann.} (37. Qh4 Qg6+ 38. Rxg6
Rf4 39. Qxf2+ Ke4 40. Re1+ Kd5 41. Qxf4 Kc5 42. Rc1+ Kb5 43. Rxe6 a6 44. Qc4+
Ka5 45. Rxa6#) 37... Qh5 $18 38. Rg3+ (38. Qxh5+ {damit würde Weiß es sich
noch erleichtern} Rxh5 39. Rf7+ Kg4 40. Rxf2 Rh8 $18) 38... Kf4 39. Qxh5 Rxh5
40. Kxf2 {Der gefräßige Turm ist gefallen und mit einem Turm mehr hat Weiss
keine Probleme mehr das Spiel zu gewinnen. Daher an dieser Stelle zugunsten
des Monte abgebrochen.} 1-0

[Event "CB-Emu swiss"]
[Site "?"]
[Date "2017.04.04"]
[Round "2"]
[White "Polgar, Mephisto"]
[Black "Cyrus II, C64."]
[Result "1-0"]
[WhiteElo "2100"]
[BlackElo "1700"]
[Annotator "Stockfish 8 (60s)"]
[PlyCount "75"]
[EventDate "2017.??.??"]

{Nun darf die 4. Polgarschwester also gegen das Frühwerk von Richard Lang
antreten. Man darf gespannt sein.  B05: Aljechin-Verteidigung (Moderne
Variante)} 1. e4 Nf6 2. e5 Nd5 3. d4 d6 4. Nf3 Bg4 5. Be2 Nc6 6. exd6 {erster
berechneter Zug von Weiss. Und auch Cyrus II muss rechnen.} Qxd6 {Das sieht
aber so gar nicht Richardmäßig solide aus. Besser cxd6} 7. O-O e6 (7... O-O-O
8. c3 h5 9. Ng5 Qg6 10. h3 Bxe2 11. Qxe2 e6 12. Re1 Be7 13. Qe4 Qxe4 14. Rxe4
Bxg5 15. Bxg5 f6 16. Bd2 e5 17. dxe5 Nxe5 18. Na3 a6 19. c4 Ne7 20. Bc3 N7c6
21. Nc2 Nd3 22. Re3 {Hase,J (2345)-Bulcourf,C (2280) Buenos Aires 1993 1/2-1/2
(51)} Rhe8 23. Rxe8 Rxe8 24. Ne3 Nf4 25. Kf1 Re4 26. Rd1 b6 27. b3 a5 28. Nf5
g6 29. Ne3 Re6 30. h4 g5 31. Nf5 gxh4 32. Nxh4 Nb4 33. g3 Nxa2 34. Bb2 Nh3 35.
Nf5 Ng5 36. Ng7 Rc6 37. Nxh5 {Hase,J (2345)-Bulcourf,C (2280) Buenos Aires
1993 1/2-1/2 (51)} Nh7 38. Rd4 Nb4 39. Bc3 Na6 40. Rf4 Nc5 41. Nxf6 Nxf6 42.
Rxf6 Rxf6 43. Bxf6 Nxb3 44. Ke2 Kd7 45. g4 a4 46. Kd3 Nc5+ 47. Kc2 Ne4 48. Bd4
c5 49. Be3 Nd6 50. Kc3 Ne4+ 51. Kb2 Nd6 {1/2-1/2 (51) Hase,J (2345)-Bulcourf,C
(2280) Buenos Aires 1993}) (7... g6 8. Bb5 a6 9. Ba4 Nb6 10. Bb3 e6 11. Re1
Bxf3 12. Qxf3 Qxd4 13. c3 Qg7 14. Bg5 Be7 15. Bf4 O-O-O 16. Bc2 e5 17. Be3 Nd5
18. Be4 Nxe3 19. Bxc6 bxc6 20. Qxe3 Kb7 21. Na3 Bxa3 22. bxa3 {Wastian,J (1413)
-Huckebrink,C (1537) Dortmund 2009 0-1 (38)} Rd5 23. c4 Rd4 24. Re2 Ka8 25. Qb3
Rb8 26. Qa4 Rb6 27. Rc2 e4 28. Rac1 Qe5 29. Rc3 Kb7 30. Qc2 f5 31. c5 Rb5 32.
a4 Rbb4 33. a3 Rxa4 34. Qb3+ Kc8 35. Rb1 Qd5 36. Qc2 Rac4 37. Rc1 {Wastian,J 
(1413)-Huckebrink,C (1537) Dortmund 2009 0-1 (38)} Rxc3 38. Qxc3 Rd1+ {0-1 (38)
Wastian,J (1413)-Huckebrink,C (1537) Dortmund 2009}) 8. c4 $146 {sehr
aggressiv gespielt. Besser gefällt mir Sa3 nebst Sc4 oder schlicht c3. Der
Textzug gibt Schwarz Initiative} (8. c3 Nf4 9. Bxf4 Qxf4 10. Nbd2 Be7 11. Re1
O-O 12. Bd3 Bf5 13. Qc2 Bxd3 14. Qxd3 Rfd8 15. Qb5 Rab8 16. Re2 Rd5 17. Qb3 Qf5
18. Nf1 Qd3 19. Rae1 Rb5 20. Qc2 Qxc2 21. Rxc2 Rd8 22. Ng3 Bf8 {Trebula,J 
(2079)-Pejko,O (2240) Slovakia 2008 1/2-1/2 (38)} 23. Rce2 Rbd5 24. Kf1 b5 25.
Ne5 Nxe5 26. Rxe5 c5 27. Rxd5 Rxd5 28. Ne2 Bd6 29. h3 h5 30. Rc1 c4 31. b3 a6
32. Rb1 Kf8 33. Ke1 e5 34. bxc4 bxc4 35. Rb6 exd4 36. Nxd4 Be5 37. Rxa6 Bxd4 {
Trebula,J (2079)-Pejko,O (2240) Slovakia 2008 1/2-1/2 (38)} 38. cxd4 Rxd4 {
1/2-1/2 (38) Trebula,J (2079)-Pejko,O (2240) Slovakia 2008}) (8. g3 Be7 9. c4
Nf6 10. Bf4 Qd7 11. Nbd2 Bh3 12. Re1 Nxd4 13. Nxd4 Qxd4 14. Bxc7 Bc5 15. Bf3
Qxf2+ 16. Kh1 Ng4 17. Re2 Qxe2 18. Qa4+ b5 19. Qxb5+ Ke7 20. Qxc5+ Kf6 21. Bxe2
Rac8 22. Ne4+ {1-0 (22) Iatrino,V-Orefice,P Cecchina 1997}) (8. Re1 Be7 $14)
8... Bxf3 {so natürlich nicht. Sf4 hätte den Vorteil gebracht, z.B 9. Le3 0-0-0
} (8... Nf4 $142 {sieht noch spielbar aus} 9. Bxf4 Qxf4 $15) 9. Bxf3 $16 ({
Schwächer ist} 9. gxf3 Nf4 10. d5 Qe5 11. Bxf4 Qxf4 $19) 9... Nde7 10. Nc3
O-O-O 11. Nb5 {jetzt zeigen sich die Nachteile der frühen schwarzen
Damenentwicklung. Weiss kann seine Stellung bequem ausbauen während Schwarz
doch ziemlich beengt steht.. Weiß droht Materialgewinn: Sb5xd6} Qb4 $6 {
wenn das mal gut geht. Besser war Dd7. Hier befindet sich die Dame auf
gefährlichem Terrain.} 12. b3 Qa5 $2 (12... Nxd4 $5 13. Nxd4 Nf5 $16) 13. a4 (
13. Bf4 $5 e5 14. Bd2 Qa6 $18) 13... Ng6 14. Bd2 {Besser war wohl Lb2 um die
lange Diagonale zu kontrollieren. Nun kann Schwarz den Druck aus der Stellung
nehmen.} (14. Be3 $142 {und aller Vorteil läge nun bei Weiß} Be7 15. Bxc6 bxc6
16. Qf3 $18) 14... Bb4 $14 15. Bxb4 Nxb4 {Hier kann der schwarze Springer
nicht durch Bauern angegriffen werden} 16. Be4 (16. g3 $5 $14 {ist zu beachten}
) 16... f5 $11 {Schwarz ist wieder im Spiel. Schwarz droht Materialgewinn:
f5xe4} 17. Bb1 (17. Bf3 $142 $5 {und Weiß kann noch kämpfen} a6 18. Qe1 $11)
17... a6 $17 18. Na3 Qb6 $1 {erhöht den Druck gegen d4} 19. c5 (19. d5 Rhf8 20.
Nc2 exd5 21. Nxb4 Qxb4 22. cxd5 Nf4 $17) 19... Qc6 20. f3 Qd5 (20... Nf4 $5 21.
Kh1 Qd7 22. Nc2 Nxc2 23. Qxc2 Qxd4 24. Ra2 $19) 21. Nc2 $17 Qxb3 {Wer hätte
nach den anfänglichen Startschwierigkeiten gedacht dass Cyrus den Polgar so in
Verlegenheit bringen könnte?} 22. Qd2 Nxc2 23. Bxc2 Qc4 24. Rfd1 Rhf8 {stärker
erscheint mir die Umgruppierung des Springers g6-e7-c6 mit Druck gegen d4} (
24... Ne7 25. Rac1 Nc6 26. Bxf5 Qxd4+ 27. Qxd4 Nxd4 $17 (27... Rxd4 $6 28.
Bxe6+ Kb8 29. Rxd4 Nxd4 30. Bc4 $11)) 25. Rac1 $11 Qd5 26. Qg5 (26. Qe3 e5 27.
dxe5 Qxe5 28. Rxd8+ Kxd8 29. Rd1+ Ke7 $11) 26... Rf6 (26... Kb8 27. Qe3 $15)
27. Qe3 $11 e5 {richtiger Plan, falscher Zeitpunkt. Besser war erneut Se7} (
27... Ne7 $5 $11 {kommt in Betracht}) 28. Bb3 $14 Qc6 $4 {und erneuit hat der
Polgar die Nase vorn. Man merkt Cyrus an, dass bereits viel von den späteren
Weltmeister-Programmen in ihm steckt. Jedoch sieht man gerade in dieser Partie
auch dass es noch zu viele taktische Löcher gibt.} (28... exd4 $142 {ist noch
spielbar} 29. Bxd5 dxe3 30. Bxb7+ Kxb7 31. Rxd8 Nf4 32. c6+ Rxc6 33. Rxc6 Kxc6
$16) 29. dxe5 (29. d5 $142 $5 {wäre im Gewinnsinne präziser} Qe8 30. c6 Kb8 $18
) 29... Rxd1+ 30. Rxd1 (30. Bxd1 $6 Re6 31. f4 Nh4 $11) 30... Qe8 $4 {ein Ende
mit Schrecken} (30... Rf8 $142 31. e6 f4 $18) 31. c6 $1 {OK, Fritzchen
kritisiert es, aber es schau schön aus...} (31. f4 $142 {erleichterte Weiß
die Gewinnführung} Rc6 32. Bd5 Nf8 $18) 31... b6 (31... Rd6 32. Re1 Rxc6 $18)
32. Qd3 $2 {e6 wäre jetzt ein Hammerzug gewesen (32. ...Dxc6 33. e7)} Rxc6 33.
Bd5 (33. Qxa6+ $142 {damit würde Weiß es sich noch erleichtern} Kb8 34. Bd5
Nxe5 35. a5 $18) 33... Qxe5 $4 {Was für ein unverständlicher Bock. Sxe5 war in
Ordnung. Jetzt jedoch ist die Partie so gut wie vorbei..} (33... Nxe5 {ist
noch eine Idee} 34. Qxa6+ Kb8 $18) 34. Bxc6 Qc5+ 35. Kf1 Qxc6 36. Qxa6+ Qb7 37.
Rd8+ $3 Kxd8 38. Qxb7 {Tja, und das Endspiel Dame gegen Springer muss man sich
wirklich nicht mehr ansehen. Hatte der Cyrus gegen den Monte Carlo noch gut
mitgehalten, so waren die taktischen Schwächen nun gegen den Polgar dann doch
zu groß.} (38. Qxb7 Ne7 39. Qa8+ Kd7 40. Qh8 $18) 1-0

[Event "CB-Emu swiss"]
[Site "?"]
[Date "2017.04.04"]
[Round "2"]
[White "Kishon Chesster, Fidelity"]
[Black "Nigel Short, Mephisto"]
[Result "0-1"]
[WhiteElo "1830"]
[BlackElo "2130"]
[Annotator "Komodo 10.3 32-bit (60s)"]
[PlyCount "124"]
[EventDate "2017.??.??"]

{C81: Spanische Partie (Offene Verteidigung/Keres System)} 1. e4 e5 2. Nf3 Nc6
3. Bb5 a6 {Kishon: "Nichts Neues unter der Sonne"} 4. Ba4 Nf6 5. O-O Nxe4 6. d4
b5 7. Bb3 d5 8. dxe5 Be6 9. Qe2 Be7 {Kishon: "Bist Du sicher, dass Du nicht
etwas anderes vorhattest?"} 10. Rd1 O-O 11. c4 bxc4 12. Bxc4 Bc5 {Kishon:
"Naja" und fing erstmals zu denken an.} 13. Be3 Bxe3 14. Qxe3 Qb8 15. Bb3 Na5 {
Das könnte wieder eine der ins Eröffnungsbuch eingebauten Remisvarianten
werden.} 16. Bxd5 {Kishon: "Ich denke, ich bin Dir um eine Nasenlänge voraus.
Tja, so bin ich, wenn ich mich wirklich konzentriere" Und nun muss der Nigel
Short das erste mal rechnen. Und es sieht wirklich nach einer Remisvariante
aus. 16. ...Lxd5 17. Txd5 Dxb2 18. Dd4 Dc1+ 19. Dd1 Db2 und Zugwiederholung.
Kishon: "Hör mal, machst Du schlapp?" (nach 5 Minuten Wartezeit).} Bxd5 17.
Rxd5 Qxb2 {Kishon: "Hör mal, du beginnst gefährlich zu werden"..} 18. Qd4 Qc1+
{und er spielt tatsächlich diese Remisvariante.} 19. Qd1 Qxd1+ {Der Nigel
Short will kein Remis...} 20. Rxd1 {Kishon: "Du bist dran!" Ob er jetzt wohl
genervt ist, weil es kein Remis wurde? Nicht das in der Stellung wirklich mehr
drin wäre...} Rad8 $146 (20... Rfd8 21. Re1 Nc5 22. Nc3 (22. Rc1 Ne6 23. Nbd2
Rab8 24. Rab1 Kf8 25. Kf1 Rb5 26. g3 Rdb8 27. Rxb5 axb5 28. Ke2 b4 29. Ne4 b3
30. axb3 Nxb3 31. Rc3 Rb5 32. Kd3 Na5 33. h4 h6 34. Ke3 Rb4 35. Ned2 Rb5 36.
Ne4 Rd5 {Nurmi,P-Juliao,C Winnipeg 1974 1/2-1/2 (86)}) 22... Rd3 (22... Nc4 23.
Rad1 Nb2 24. Rd5 Nbd3 25. Rd1 c6 26. Rxd8+ Rxd8 27. Kf1 Kf8 28. g3 Re8 29. Nd4
Nxe5 30. f4 Ng4 31. Kg1 Ne6 32. Nxc6 Rc8 33. Rd6 Nf6 34. f5 Ne8 35. Na7 Rxc3
36. Rxa6 Nc5 37. Ra5 {Romanenko,I-Pomar Salamanca,A New Orleans 1954 0-1 (41)})
23. Ne4 Ne6 24. Rac1 Ra3 25. Rc2 Rd8 26. Rb1 h6 27. Kf1 Rd5 28. Ng3 Rad3 29.
Nf5 Rd1+ 30. Rxd1 Rxd1+ 31. Ke2 Rd8 32. g3 Nb7 33. Nd2 Nbc5 34. Ne7+ Kf8 35.
Nc6 {Scherer,H-Kargoll,B Waldshut 1991 1-0 (39)}) 21. Rc1 {Kishon: "Worauf
wartest Du?" (nach 7 Minuten). Aber Nigel Short hat ob der langen Eröffnung
genügend Zeit auf der Uhr und nutzt sie auch} Rd5 22. Re1 Nc5 23. Nc3 Rd3 24.
Ne2 (24. Ne4 Nab7 $11) 24... Ne6 25. Nc1 Rd5 26. Nb3 (26. g3 h6 $11) 26... Rb8
$15 {Kishon: "Manchmal bin ich vielleicht ein bisschen lästig, aber
schließlich bezahlt man mich dafür" Anmerkung des Kommentators: "Ich kürze Dir
sofort das Gehalt!"} 27. Rec1 Nxb3 28. axb3 a5 29. Rc3 Kf8 30. Kf1 {gähn...
wenn sich bis zum 40. nix tut, geb ich das Ding remis...} Ke7 {Kishon: "Naja".
Ich hab das Gefühl das sagt er immer wenn selbst ich gelangweilt bin...} 31.
Re1 h5 32. h4 Rb4 33. Ree3 a4 (33... Rd1+ 34. Re1 Rxe1+ 35. Kxe1 $15) 34. bxa4
$11 Rxa4 35. Ra3 $2 {Ein Fehler. Der Turmtausch vermindert die weisse
Verteidigungsfähigkeit.} (35. g3 Ra2 $11) 35... Rxa3 $15 {Kishon: "Heiliger
Strohsack". Und es scheint sich doch noch was zu bewegen...} 36. Rxa3 {Kishon:
"ouououou nicht gerade angenehm..."} Nf4 37. Rc3 {Hier war Te3 vielleicht ein
wenig besser} c5 38. Rc1 (38. g3 Nd3 $15) 38... Nd3 $17 39. Rd1 (39. Ra1 Nxe5
40. Ra7+ Kd6 $15) 39... Rd7 (39... Ke6 40. Ra1 $17) 40. Ra1 Ke6 {Tja, der 40.
Zug ist erreicht, aber es wird (zumindest noch) nichts mit dem versprochenen
Remis. Seid Tapfer, ihr müsst da weiter durch... Kishon: "Naja..."} 41. Ra8 Rc7
(41... Kf5 42. Ne1 Nxe1 43. Kxe1 Kxe5 44. Ra4 $17) 42. Ke2 (42. g3 Re7 $15)
42... c4 (42... Nf4+ 43. Kf1 $17) 43. Ke3 Kd5 (43... Ke7 44. Nd4 $15) 44. Re8 (
44. Rd8+ Ke6 45. Rd6+ Kf5 $11) 44... g6 45. Rd8+ Kc5 46. Re8 (46. e6 fxe6 47.
Nd2 Ne1 48. Ne4+ Kb4 49. Rb8+ Ka5 50. Ra8+ Kb5 51. Rb8+ Kc6 $15) 46... Nb4 $17
47. Kd2 Rd7+ 48. Kc3 (48. Kc1 c3 49. Rc8+ Kb6 $15) 48... Rd3+ 49. Kb2 Rb3+ 50.
Ka1 $4 {und der nächste Bock lässt grüßen. Kc1 war angesagt.. Weiß zeigt sich
dem Druck nicht mehr gewachsen} (50. Kc1 $142 c3 51. Rc8+ Kd5 52. Rd8+ Ke4 53.
Rd4+ Kf5 54. Rc4 $17) 50... c3 $19 {Kishon: "Eine Falle, was?" Na davon
kannste ausgehen...} 51. Ne1 (51. Rc8+ Kd5 52. Ne1 Kd4 53. Rd8+ Kxe5 $19) 51...
Kd5 {Besser Tb2} (51... Rb2 $142 {entschiede die Partie sofort} 52. Rc8+ Kd4
$19) 52. Rc8 Kd4 {Kishon: "Naja..."} 53. Rc7 (53. Rd8+ {holt die Kuh nicht vom
Eis} Kxe5 54. Rc8 Kd6 $19) 53... Kxe5 {und wieder hätte man mit Tb2 die Sache
forcieren können. Aber der Nigel Short will Kishon wohl quälen... und mich
dazu..} (53... Rb2 54. Nf3+ Kd3 55. Ne1+ Kd2 56. e6 fxe6 57. Nf3+ Kc2 58. Ne1+
Kb3 59. Rb7 Rd2 60. Rxb4+ Kxb4 61. Kb1 Rd1+ 62. Kc2 Rxe1 63. g4 Kc4 64. gxh5
gxh5 65. f3 Rf1 66. f4 Rxf4 67. Kd1 Kd3 68. Ke1 Rf3 69. Kd1 Rf1#) 54. Rc4 Kd5 (
54... Kd6 {und Schwarz hätte es noch leichter} 55. Rc8 $19) 55. Rc8 f6 56. f3 (
56. Rd8+ Ke4 57. Re8+ Kd5 58. Rd8+ Ke6 59. Rc8 $19) 56... Kd4 57. Rb8 (57. f4
Rb2 58. Rc7 $19) 57... Rb2 $3 {endlich... lang hat es gedauert, aber jetzt
gewinnt Schwarz} 58. Rxb4+ Rxb4 59. Nc2+ Kc4 60. Nxb4 Kxb4 {Kishon: "Unter uns
gesagt, meine Lage könnte ein bißchen besser sein"} 61. Ka2 Kc4 {Kishon: "Wie
komm ich da bloß wieder raus, keine Ahnung"} 62. Kb1 (62. Ka3 {nützt auch
nichts mehr} c2 63. Kb2 Kd3 64. Kc1 f5 65. f4 Kc3 66. g3 Kd3 67. Kb2 Kd2 68.
Kb3 c1=Q 69. Kb4 Qc6 70. g4 Kd3 71. gxf5 Qb6+ 72. Ka3 Kc3 73. Ka2 Qb2#) 62...
Kd3 {Tja, und nun wird es in wenigen Zügen matt. Das war eine lange Geburt...
mit Kaiserschnitt.} (62... Kd3 63. Kc1 f5 64. g3 c2 65. g4 hxg4 66. fxg4 f4 67.
Kb2 f3 68. g5 f2 69. Kb3 c1=Q 70. Kb4 f1=Q 71. h5 Qc4+ 72. Ka5 Qa1+ 73. Kb6
Qaa6#) 0-1